000 00405nam a2200145Ia 4500
008 211122s9999||||xx |||||||||||||| ||und||
082 _a894.812 3
_bVKN-P
100 _aV K N,
245 0 _aPayyankathakal
260 _bSahityapravarthaka Sangom
_aKottayam
_c1979
300 _a432p.
630 _xGeneral Stack
650 _aMalayalam Literature
_vMalayalam Fiction LiteratureGeneralia
942 _cBOOK
999 _c128983
_d128983